| 000 | 00778nam a2200229 i 4500 | ||
|---|---|---|---|
| 001 | 181044 | ||
| 003 | ES-MaACL | ||
| 005 | 20231007164211.0 | ||
| 008 | 121005s2009 sp a | |||||||| | spa d | ||
| 020 | _a978-84-613-4197-9 | ||
| 080 | _a292.11 | ||
| 100 | 1 |
_aGonzález de Mendoza, Luis. _9151568 |
|
| 245 | 1 | 0 |
_aDe Ilión a Ítaca / _cLuis González de Mendoza. |
| 260 |
_aMadrid : _bProyectos Editoriales Cave Canem, _cD.L. 2009. |
||
| 300 |
_a788 p. (1 mapa pleg.) ; _c24 cm. |
||
| 504 | _aBibliografía: p. 769-783. | ||
| 650 | 7 |
_aMitología griega. _915104 |
|
| 852 |
_aES-MaACL _jA-12259 _9187927 _bR.147192 _dOlim: N-5264 _cDEPO1 _xDonación: Eduardo Szmulewicz |
||
| 903 |
_9234324 _aSzmulewicz, Eduardo _ednr |
||
| 942 |
_2udc _cMONOGRAFIA |
||
| 999 |
_c181044 _d181044 |
||